Earth in the balance : (Record no. 8978)

MARC details
000 -LEADER
fixed length control field 00959cam a2200265 a 4500
001 - CONTROL NUMBER
control field 3434503
003 - CONTROL NUMBER IDENTIFIER
control field OSt
005 - DATE AND TIME OF LATEST TRANSACTION
control field 20240627110919.0
008 - FIXED-LENGTH DATA ELEMENTS--GENERAL INFORMATION
fixed length control field 911114s1992 maua b 001 0 eng
010 ## - LIBRARY OF CONGRESS CONTROL NUMBER
LC control number 91042676
020 ## - INTERNATIONAL STANDARD BOOK NUMBER
International Standard Book Number 0395578213 (alk. paper) :
Terms of availability $22.95
040 ## - CATALOGING SOURCE
Original cataloging agency DLC
Transcribing agency MUST
Modifying agency DLC
082 00 - DEWEY DECIMAL CLASSIFICATION NUMBER
Classification number 363.7 GOR 1992
100 1# - MAIN ENTRY--PERSONAL NAME
Personal name Gore, Al,
Dates associated with a name 1948-
9 (RLIN) 18204
245 10 - TITLE STATEMENT
Title Earth in the balance :
Remainder of title ecology and the human spirit /
Statement of responsibility, etc. Al Gore.
260 ## - PUBLICATION, DISTRIBUTION, ETC. (IMPRINT)
Place of publication, distribution, etc. Boston :
Name of publisher, distributor, etc. Houghton Mifflin,
Date of publication, distribution, etc. 1992.
300 ## - PHYSICAL DESCRIPTION
Extent 407 p. :
Other physical details ill. ;
Dimensions 24 cm.
504 ## - BIBLIOGRAPHY, ETC. NOTE
Bibliography, etc Includes bibliographical references (p. [386]-393) and index.
650 #0 - SUBJECT ADDED ENTRY--TOPICAL TERM
Topical term or geographic name as entry element Environmental policy.
9 (RLIN) 1624
650 #0 - SUBJECT ADDED ENTRY--TOPICAL TERM
Topical term or geographic name as entry element Environmental protection.
9 (RLIN) 9854
650 #0 - SUBJECT ADDED ENTRY--TOPICAL TERM
Topical term or geographic name as entry element Human ecology.
9 (RLIN) 4354
906 ## - LOCAL DATA ELEMENT F, LDF (RLIN)
a 7
b cbc
c orignew
d 1
e ocip
f 19
g y-gencatlg
942 ## - ADDED ENTRY ELEMENTS (KOHA)
Source of classification or shelving scheme Dewey Decimal Classification
Koha item type Open Shelf
Holdings
Withdrawn status Lost status Source of classification or shelving scheme Damaged status Not for loan Home library Current library Date acquired Source of acquisition Total Checkouts Full call number Barcode Date last seen Price effective from Koha item type
    Dewey Decimal Classification     MUST Main Library MUST Main Library 27/06/2024 Donation   363.7 GOR 1992 2024-21530 27/06/2024 27/06/2024 Open Shelf